The Epistle to the Romans; (Record no. 15326)
[ view plain ]
| 000 -LEADER | |
|---|---|
| fixed length control field | 00851nam a2200229 4500 |
| 008 - FIXED-LENGTH DATA ELEMENTS--GENERAL INFORMATION | |
| fixed length control field | 030625m19651965miu b 001 0 eng |
| 090 ## - LOCALLY ASSIGNED LC-TYPE CALL NUMBER (OCLC); LOCAL CALL NUMBER (OCLC) | |
| Classification number (OCLC) (R) ; Classification number, CALL (RLIN) (NR) | BS2341.2 |
| Local cutter number (OCLC) ; Book number/undivided call number, CALL (RLIN) | N46b |
| -- | Rom |
| 100 1# - MAIN ENTRY--PERSONAL NAME | |
| Personal name | Murray, John, |
| Dates associated with a name | 1898-1975. |
| 245 10 - TITLE STATEMENT | |
| Title | The Epistle to the Romans; |
| Remainder of title | the English text with introduction, exposition, and notes. |
| 260 ## - PUBLICATION, DISTRIBUTION, ETC. (IMPRINT) | |
| Place of publication, distribution, etc | Grand Rapids, |
| Name of publisher, distributor, etc | Eerdmans |
| Date of publication, distribution, etc | c1965 |
| 300 ## - PHYSICAL DESCRIPTION | |
| Extent | 2 v. |
| 336 ## - CONTENT TYPE | |
| Content Type Term | text |
| 337 ## - MEDIA TYPE | |
| Media Type Term | unmediated |
| 338 ## - CARRIER TYPE | |
| Carrier Type Term | volume |
| 490 1# - SERIES STATEMENT | |
| Series statement | The New international commentary on the New Testament |
| 504 ## - BIBLIOGRAPHY, ETC. NOTE | |
| Bibliography, etc | Bibliographical footnotes. |
| 650 #4 - SUBJECT ADDED ENTRY--TOPICAL TERM | |
| Topical term or geographic name as entry element | Bible. N.T. Romans |
| General subdivision | Commentaries. |
| 951 ## - EQUIVALENCE OR CROSS-REFERENCE-GEOGRAPHIC NAME/AREA NAME [OBSOLETE] [CAN/MARC only] | |
| General subdivision | 00004551 |
| 856 ## - ELECTRONIC LOCATION AND ACCESS | |
| Uniform Resource Identifier | <a href="https://drive.google.com/file/d/1ZTn-yJg29jBRnoGPNJy65k433Es-m1rd/view?usp=sharing">https://drive.google.com/file/d/1ZTn-yJg29jBRnoGPNJy65k433Es-m1rd/view?usp=sharing</a> |
| Public note | v. II |
| 856 ## - ELECTRONIC LOCATION AND ACCESS | |
| Uniform Resource Identifier | <a href="https://drive.google.com/file/d/1yYxU3AGibBK6KhUfMHchXL_YyRC85O4b/view?usp=sharing">https://drive.google.com/file/d/1yYxU3AGibBK6KhUfMHchXL_YyRC85O4b/view?usp=sharing</a> |
| Public note | v. I |
| 942 ## - ADDED ENTRY ELEMENTS (KOHA) | |
| Source of classification or shelving scheme | Library of Congress Classification |
| Item type | Books |
| Withdrawn status | Lost status | Damaged status | Not for loan | Home library | Current library | Shelving location | Date acquired | Inventory number | Shelving control number | Total Checkouts | Full call number | Barcode | Date last seen | Price effective from | Koha item type | Source of classification or shelving scheme |
|---|---|---|---|---|---|---|---|---|---|---|---|---|---|---|---|---|
| BSOP Library | BSOP Library | GC | 12/21/2000 | 4589 | 127 | BS2341.2/N46b/Rom | 00004551 | 02/23/2013 | 02/23/2013 | Books | ||||||
| BSOP Library | BSOP Library | GC | 12/21/2000 | 4853 | 127 | BS2341.2/N46b/Rom-2 | 00004552 | 02/23/2013 | 02/23/2013 | Books | ||||||
| BSOP Library | Digital Library | 05/10/2024 | eB-01066 | 05/10/2024 | 05/10/2024 | eBooks | Library of Congress Classification |
